Внутримолекулярная каталитическая циклизация альдоксимов с участием реагента поливалентного иода (III); Марковниковские чтения: органическая химия от Марковникова до наших дней (WSOC 2020)

Bibliographische Detailangaben
Parent link:Марковниковские чтения: органическая химия от Марковникова до наших дней (WSOC 2020).— 2020.— [С. 122]
Körperschaft: Национальный исследовательский Томский политехнический университет Исследовательская школа химических и биомедицинских технологий (ИШХБМТ)
Weitere Verfasser: Карташов И. А. Илья Александрович, Миронова И. А. Ирина Андреевна, Йошимура А. Акира, Постников П. С. Павел Сергеевич, Юсубов М. С. Мехман Сулейман-оглы (Сулейманович)
Zusammenfassung:Заглавие с экрана
Sprache:Russisch
Veröffentlicht: 2020
Schlagworte:
Online-Zugang:https://drive.google.com/file/d/0BzUEvDRoccHeeFJ3RV9CY2JwQ1FtNDlsWjhQazJVYk9fak80/view
Format: MixedMaterials Elektronisch Buchkapitel
KOHA link:https://koha.lib.tpu.ru/cgi-bin/koha/opac-detail.pl?biblionumber=661762

MARC

LEADER 00000naa0a2200000 4500
001 661762
005 20251201125249.0
035 |a (RuTPU)RU\TPU\network\32625 
035 |a RU\TPU\network\32623 
090 |a 661762 
100 |a 20200213d2020 k y0rusy50 ca 
101 0 |a rus 
102 |a RU 
135 |a drcn ---uucaa 
181 0 |a i  
182 0 |a b 
200 1 |a Внутримолекулярная каталитическая циклизация альдоксимов с участием реагента поливалентного иода (III)  |f И. А. Карташов, И. А. Миронова, А. Йошимура [и др.] 
203 |a Текст  |c электронный 
300 |a Заглавие с экрана 
320 |a [Библиогр.: с. 122 (4 назв.)] 
463 |t Марковниковские чтения: органическая химия от Марковникова до наших дней (WSOC 2020)  |o сборник тезисов Всероссийской научной конференции и школы-конференции молодых ученых "Органическая химия: традиции и современность", 17-20 января, 2020, Красновидово, Россия  |v [С. 122]  |d 2020 
610 1 |a электронный ресурс 
610 1 |a труды учёных ТПУ 
610 1 |a внутримолекулярная циклизация 
610 1 |a каталитическая циклизация 
610 1 |a поливалентный иод 
701 1 |a Карташов  |b И. А.  |g Илья Александрович 
701 1 |a Миронова  |b И. А.  |c химик  |c инженер Томского политехнического университета  |f 1993-  |g Ирина Андреевна  |3 (RuTPU)RU\TPU\pers\37473  |9 20360 
701 1 |a Йошимура  |b А.  |c химик-технолог  |c профессор Томского политехнического университета  |f 1981-  |g Акира  |3 (RuTPU)RU\TPU\pers\39851 
701 1 |a Постников  |b П. С.  |c химик-органик  |c доцент Томского политехнического университета, кандидат химических наук  |f 1984-  |g Павел Сергеевич  |3 (RuTPU)RU\TPU\pers\27922  |9 12925 
701 1 |a Юсубов  |b М. С.  |c химик  |c профессор Томского политехнического университета, доктор химических наук  |f 1961-  |g Мехман Сулейман-оглы (Сулейманович)  |3 (RuTPU)RU\TPU\pers\28058 
712 0 2 |a Национальный исследовательский Томский политехнический университет  |b Исследовательская школа химических и биомедицинских технологий (ИШХБМТ)  |c (2017- )  |3 (RuTPU)RU\TPU\col\23537 
801 2 |a RU  |b 63413507  |c 20200213  |g RCR 
850 |a 63413507 
856 4 |u https://drive.google.com/file/d/0BzUEvDRoccHeeFJ3RV9CY2JwQ1FtNDlsWjhQazJVYk9fak80/view 
942 |c CF